Uchchatar madhyamik shiksha (class XI)/ (Record no. 11638)

MARC details
000 -LEADER
fixed length control field 00645nam a22002177a 4500
005 - DATE AND TIME OF LATEST TRANSACTION
control field 20230914114014.0
008 - FIXED-LENGTH DATA ELEMENTS--GENERAL INFORMATION
fixed length control field 230914b ||||| |||| 00| 0 eng d
020 ## - INTERNATIONAL STANDARD BOOK NUMBER
International Standard Book Number 9789382056195
040 ## - CATALOGING SOURCE
Original cataloging agency IN-DiNC
Transcribing agency IN-DiNC
041 ## - LANGUAGE CODE
Language code of sung or spoken text Assamese
082 ## - DEWEY DECIMAL CLASSIFICATION NUMBER
Classification number 370
Item number DEK
100 ## - MAIN ENTRY--PERSONAL NAME
Personal name Deka, Nabanita
Relator term Author
245 ## - TITLE STATEMENT
Title Uchchatar madhyamik shiksha (class XI)/
Statement of responsibility, etc. by Nabanita Deka, Mamoni Gogoi Baruah and Pratibha Bezbaruah
250 ## - EDITION STATEMENT
Edition statement 4th ed.
260 ## - PUBLICATION, DISTRIBUTION, ETC.
Place of publication, distribution, etc. Dibrugarh:
Name of publisher, distributor, etc. Banalata,
Date of publication, distribution, etc. 2022.
300 ## - PHYSICAL DESCRIPTION
Extent 332p.
650 ## - SUBJECT ADDED ENTRY--TOPICAL TERM
Topical term or geographic name entry element Education for class XI
700 ## - ADDED ENTRY--PERSONAL NAME
Personal name Baruah, Mamoni Gogoi
Relator term Author
700 ## - ADDED ENTRY--PERSONAL NAME
Personal name Bezbaruah, Pratibha
Relator term Author
942 ## - ADDED ENTRY ELEMENTS (KOHA)
Source of classification or shelving scheme Dewey Decimal Classification
Koha item type Books
Holdings
Withdrawn status Lost status Source of classification or shelving scheme Damaged status Not for loan Collection code Home library Current library Shelving location Date acquired Cost, normal purchase price Total Checkouts Full call number Barcode Date last seen Date last checked out Copy number Price effective from Koha item type
    Dewey Decimal Classification     Education Central Library, Naharkatiya College Central Library, Naharkatiya College General Stacks 14/09/2023 300.00 12 370 DEK 29542 03/12/2025 19/11/2025 1 14/09/2023 Books
    Dewey Decimal Classification     Education Central Library, Naharkatiya College Central Library, Naharkatiya College General Stacks 14/09/2023 300.00 12 370 DEK 29543 27/11/2025 11/11/2025 2 14/09/2023 Books
    Dewey Decimal Classification     Education Central Library, Naharkatiya College Central Library, Naharkatiya College General Stacks 14/09/2023 300.00 9 370 DEK 29544 12/03/2025 21/02/2025 3 14/09/2023 Books

Naharkatiya College © 2020. All rights reserved.

Powered By